01055nam a2200301 a 450000500170000000800410001704000250005804100080008304400070009108200200009811000220011824500420014026000500018230000320023265000250026465000540028965000270034365000270037065000270039765000220042465000320044665000100047871000600048871000670054871000390061571000520065471000470070620191224041542.0140221b1989 sz ||||| |||| 00| 0 eng d aCO-BoIAVHcCO-BoIAVH0 aeng asz04a333.95316bW97b2 aWWF Internacional10aBotanic gardens conservation strategy aGland (Suiza) :bUICN :bBGCI :bUICN,c1989. a60 páginas ;c27 x 19 cm. 6aJardines botánicos 6aJardines botánicosxConservaciónxEstrategias 4aBotánica económica 4aConservación in situ 4aConservación ex situ 4aBanco de semillas 6aCooperación internacional 4aCITES2 aFood and Agriculture Organization of the United Nations2 aUnited Nations Educational Scientific and Cultura Organization2 aUnited Nation Enviroment Programme2 aInternational Board for Plant Genetic Resources2 aBotanic Gardens Conservation International